[Event "Barcelona Sant Marti op-A 23rd"]
[Site "Barcelona"]
[Date "2023.07.17"]
[Round "5"]
[White "Guix Torres, David"]
[Black "Millaret Lores, Francesco"]
[Result "1-0"]
[WhiteElo "1954"]
[BlackElo "2160"]
[PlyCount "83"]
[EventDate "2023.07.13"]
[EventType "swiss"]
[EventRounds "9"]
[EventCountry "ESP"]
[SourceTitle "CBM 215 Extra"]
[Source "ChessBase"]
[SourceDate "2023.09.30"]
[SourceVersion "1"]
[SourceVersionDate "2023.09.30"]
[SourceQuality "1"]

1. e4 c5 2. Nf3 d6 3. Bb5+ Bd7 4. Bxd7+ Nxd7 5. d3 g6 6. 0-0 Bg7 7. c4 Ngf6 8. Ng5 Ne5 9. f4 Nc6 10. Nc3 Qd7 11. Rb1 Ng4 12. Nf3 h5 13. Ne2 a6 14. h3 Nf6 15. a4 Rb8 16. Nc3 h4 17. Be3 Nh5 18. Qd2 Ng3 19. Rfe1 Nd4 20. Qf2 Nxf3+ 21. Qxf3 e6 22. Bf2 Bd4 23. Kh2 Bxf2 24. Qxf2 f5 25. d4 Kf7 26. Rbd1 b6 27. b3 Rhd8 28. d5 exd5 29. exf5 gxf5 30. Nxd5 Re8 31. Qb2 Ne4 32. Rxe4 fxe4 33. Qf6+ Kg8 34. Qxh4 Kg7 35. Nf6 Qe6 36. Nxe8+ Rxe8 37. Rd5 Re7 38. Rg5+ Kf7 39. Qh5+ Kf8 40. Qh8+ Kf7 41. Qg8+ Kf6 42. Qg6# 1-0

[Event "Barcelona Sant Marti op-A 23rd"]
[Site "Barcelona"]
[Date "2023.07.16"]
[Round "4"]
[White "Millaret Lores, Francesco"]
[Black "Sambarta, Banerjee"]
[Result "0-1"]
[WhiteElo "2160"]
[BlackElo "1975"]
[PlyCount "132"]
[EventDate "2023.07.13"]
[EventType "swiss"]
[EventRounds "9"]
[EventCountry "ESP"]
[SourceTitle "CBM 215 Extra"]
[Source "ChessBase"]
[SourceDate "2023.09.30"]
[SourceVersion "1"]
[SourceVersionDate "2023.09.30"]
[SourceQuality "1"]

1. e4 c6 2. d4 d5 3. exd5 cxd5 4. Bd3 Nc6 5. c3 Nf6 6. Bf4 Bg4 7. Qb3 Qd7 8. Nd2 e6 9. Ngf3 Bd6 10. Bxd6 Qxd6 11. 0-0 0-0 12. Rfe1 Rab8 13. a4 Rfc8 14. Ne5 Bh5 15. h3 Qc7 16. Re3 a6 17. f4 b5 18. axb5 axb5 19. Nxc6 Qxc6 20. Qb4 Bg6 21. Bf1 Ne8 22. Nb3 Qd6 23. Nc5 Qxf4 24. Re5 Nc7 25. Nd7 Ra8 26. Rxa8 Rxa8 27. Qd6 f6 28. Qxc7 fxe5 29. Qc6 Re8 30. Nxe5 Qf6 31. Bxb5 Rf8 32. Nd7 Qf2+ 33. Kh1 Be4 34. Qxe6+ Kh8 35. Qg4 Qe1+ 36. Kh2 Rf2 37. Ne5 Rxg2+ 38. Qxg2 Bxg2 39. Kxg2 Qd2+ 40. Kg3 Qxb2 41. Ba6 Qxc3+ 42. Nf3 g6 43. h4 Kg7 44. Bf1 Kf6 45. Bh3 Qe3 46. Bg4 h6 47. Bh3 g5 48. hxg5+ hxg5 49. Bg4 Qf4+ 50. Kh3 Kf7 51. Ne5+ Kg7 52. Nf3 Kh6 53. Ng1 Qxd4 54. Ne2 Qf2 55. Ng3 d4 56. Bf5 Qe3 57. Be4 d3 58. Kg2 Qd2+ 59. Kh3 Qc3 60. Nf5+ Kh7 61. Ne3+ Kg7 62. Kg4 d2 63. Nd1 Qd4 64. Kf3 g4+ 65. Kf4 g3 66. Ne3 Qxe3+ 0-1

[Event "Barcelona Sant Marti op 10th"]
[Site "Barcelona"]
[Date "2023.02.02"]
[Round "4"]
[White "Sole Pijuan, Ferran"]
[Black "Millaret Lores, Francesco"]
[Result "0-1"]
[WhiteElo "2157"]
[BlackElo "2090"]
[PlyCount "90"]
[EventDate "2023.01.12"]
[EventType "swiss"]
[EventRounds "9"]
[EventCountry "ESP"]
[SourceTitle "CBM 213 Extra"]
[Source "ChessBase"]
[SourceDate "2023.05.31"]
[SourceVersion "1"]
[SourceVersionDate "2023.05.31"]
[SourceQuality "1"]

1. d4 Nf6 2. c4 e6 3. Nc3 Bb4 4. Qc2 b6 5. e4 c5 6. d5 Qe7 7. Nge2 exd5 8. exd5 Qe4 9. Qxe4+ Nxe4 10. f3 Bxc3+ 11. bxc3 Nd6 12. Bf4 Nxc4 13. Ng3 Na5 14. Nf5 0-0 15. 0-0-0 Ba6 16. Bxb8 Bxf1 17. Bd6 Bc4 18. Bxf8 Kxf8 19. Rhe1 Bxa2 20. Re5 Nc4 21. Re2 Bb3 22. Rde1 g6 23. Ng3 a5 24. Ne4 d6 25. Nd2 Nxd2 26. Rxd2 Bc4 27. f4 b5 28. f5 gxf5 29. Rf2 Bd3 30. Re3 Be4 31. g4 a4 32. gxf5 a3 33. Rf1 Bxf5 34. Ref3 Bg6 35. h4 h5 36. Rf4 Re8 37. Rf6 Re2 38. Rxd6 a2 39. Ra6 b4 40. cxb4 cxb4 41. Rf3 Rc2+ 42. Kd1 Rb2 43. Rf1 Rb1+ 44. Ke2 Rxf1 45. Ra8+ Kg7 0-1

[Event "Barcelona Sant Marti op-A 22nd"]
[Site "Barcelona"]
[Date "2022.07.13"]
[Round "1"]
[White "Kumar, Sanjit S"]
[Black "Millaret Lores, Francesco"]
[Result "0-1"]
[WhiteElo "1781"]
[BlackElo "2106"]
[PlyCount "66"]
[EventDate "2022.07.13"]
[EventType "swiss"]
[EventRounds "9"]
[EventCountry "ESP"]
[SourceTitle "CBM 209 Extra"]
[Source "ChessBase"]
[SourceDate "2022.09.30"]
[SourceVersion "1"]
[SourceVersionDate "2022.09.30"]
[SourceQuality "1"]

1. d4 Nf6 2. c4 e6 3. Nc3 Bb4 4. Qc2 b6 5. e4 c5 6. d5 Qe7 7. Be2 d6 8. Nf3 0-0 9. 0-0 Bxc3 10. bxc3 exd5 11. exd5 Bg4 12. h3 Bh5 13. Bg5 Re8 14. Rfe1 Nbd7 15. Bd3 Qf8 16. Nd2 Bg6 17. Bxg6 hxg6 18. Bxf6 gxf6 19. Nf3 Ne5 20. Nxe5 fxe5 21. f3 Qh6 22. Qf2 f5 23. Qg3 Kf7 24. Re2 Rh8 25. Kh2 Qh4 26. Qxh4 Rxh4 27. g3 Rxc4 28. Re3 b5 29. a3 Rb8 30. Kg1 Rb6 31. Rb1 Ra4 32. Ra1 Rba6 33. Rb1 R6a5 0-1

[Event "Barcelona CM 02"]
[Site "Barcelona"]
[Date "2021.02.15"]
[Round "9"]
[White "Brugarolas Manzaneque, Carlos"]
[Black "Millaret Lores, Francesco"]
[Result "1/2-1/2"]
[WhiteElo "1948"]
[BlackElo "2061"]
[PlyCount "70"]
[EventDate "2021.02.07"]
[EventType "tourn"]
[EventRounds "9"]
[EventCountry "ESP"]
[SourceTitle "EXT 2022"]
[Source "ChessBase"]
[SourceDate "2021.10.06"]
[SourceVersion "1"]
[SourceVersionDate "2021.10.06"]
[SourceQuality "1"]

1. e4 c5 2. Nc3 a6 3. g3 b5 4. Bg2 Bb7 5. d3 e6 6. Nh3 Be7 7. 0-0 Nc6 8. f4 d6 9. f5 b4 10. fxe6 fxe6 11. Nf4 bxc3 12. Nxe6 Qa5 13. Nxg7+ Kd7 14. bxc3 Qxc3 15. Bh3+ Kc7 16. Ne6+ Kb8 17. Rb1 Bf6 18. Bb2 Qxb2 19. Rxb2 Bxb2 20. Qb1 Be5 21. Qb6 Nge7 22. Rf7 Ra7 23. Nf8 Bd4+ 24. Kg2 c4 25. Nd7+ Ka8 26. Qc7 d5 27. e5 Bc8 28. Qd6 Rb7 29. Rxe7 Nxe7 30. Qxe7 cxd3 31. Qf6 Bxd7 32. Qxh8+ Ka7 33. Bxd7 dxc2 34. Qc8 Bxe5 35. Qxc2 Rb2 1/2-1/2

[Event "Sitges Sunway 7th"]
[Site "Sitges"]
[Date "2020.12.15"]
[Round "3"]
[White "Millaret Lores, Francesco"]
[Black "Garcia Martin, Marta"]
[Result "0-1"]
[WhiteElo "2073"]
[BlackElo "2342"]
[PlyCount "96"]
[EventDate "2020.12.13"]
[EventType "swiss"]
[EventRounds "10"]
[EventCountry "ESP"]
[SourceTitle "CBM 199 Extra"]
[Source "ChessBase"]
[SourceDate "2021.01.31"]
[SourceVersion "1"]
[SourceVersionDate "2021.01.31"]
[SourceQuality "1"]

1. e4 c5 2. Nf3 e6 3. d4 cxd4 4. Nxd4 a6 5. c4 Nf6 6. Nc3 Bb4 7. Qd3 0-0 8. e5 Ne8 9. Be2 d6 10. Nf3 Nc6 11. a3 Bxc3+ 12. Qxc3 dxe5 13. Nxe5 Nd4 14. Bd1 f6 15. Nf3 e5 16. 0-0 Be6 17. b3 Nxf3+ 18. Bxf3 Qc7 19. Rd1 Nd6 20. Bb2 Rfd8 21. Rac1 Nf5 22. Be4 Rd7 23. Qf3 Rad8 24. Bd5 Qb6 25. Qxf5 Rxd5 26. Qf3 e4 27. Qe2 Rd3 28. Rxd3 exd3 29. Qe4 Bf7 30. b4 d2 31. Rd1 Re8 32. Qb1 Bg6 33. Qa1 Re2 34. c5 Qe6 35. Bc3 Bc2 36. Bxd2 Bxd1 37. Qxd1 Re5 38. Be3 Rd5 39. Qb3 Kf7 40. h3 Rd7 41. Qc2 f5 42. Bf4 Qe4 43. Qb3+ Qd5 44. Qc3 Re7 45. Bd6 Re6 46. Kh2 Rg6 47. f3 Qa2 48. Bg3 f4 0-1

[Event "Catalunya-ch"]
[Site "Vila Seca"]
[Date "2019.04.21"]
[Round "6"]
[White "Millaret Lores, Francesco"]
[Black "Pellicer Roncero, Nestor"]
[Result "1-0"]
[WhiteElo "2028"]
[BlackElo "1972"]
[PlyCount "95"]
[EventDate "2019.04.18"]
[EventType "swiss"]
[EventRounds "8"]
[EventCountry "ESP"]
[SourceTitle "CBM 189 Extra"]
[Source "ChessBase"]
[SourceDate "2019.06.03"]
[SourceVersion "1"]
[SourceVersionDate "2019.06.03"]
[SourceQuality "1"]

1. e4 c5 2. Nf3 e6 3. d4 cxd4 4. Nxd4 a6 5. Bd3 Nc6 6. Nf3 Nf6 7. 0-0 d5 8. e5 Nd7 9. Re1 Be7 10. c3 0-0 11. Qc2 g6 12. Bh6 Re8 13. Nbd2 Bf8 14. Bxf8 Rxf8 15. Nb3 Qc7 16. Qe2 Kg7 17. Rad1 b5 18. Nbd4 Nxd4 19. Nxd4 Nc5 20. Bb1 f5 21. exf6+ Rxf6 22. g3 Bd7 23. Qe5 Qxe5 24. Rxe5 Na4 25. Rd2 Nb6 26. Bd3 Nc4 27. Bxc4 bxc4 28. Rde2 Rb8 29. Kg2 Rb6 30. g4 Rf8 31. Nxe6+ Bxe6 32. Rxe6 Rfb8 33. Rxb6 Rxb6 34. g5 Rb5 35. h4 h6 36. f4 hxg5 37. hxg5 Kf7 38. Kf2 Rb6 39. Ke1 a5 40. a4 Rb8 41. Kf2 Rb6 42. Kf3 Rb8 43. Kg4 Rb6 44. f5 gxf5+ 45. Kxf5 Rb7 46. g6+ Kf8 47. Kf6 Rb6+ 48. Re6 1-0

[Event "Catalunya-ch"]
[Site "Vila Seca"]
[Date "2019.04.19"]
[Round "3"]
[White "Millaret Lores, Francesco"]
[Black "Fernandez Diaz, Cristian"]
[Result "0-1"]
[WhiteElo "2028"]
[BlackElo "2237"]
[PlyCount "66"]
[EventDate "2019.04.18"]
[EventType "swiss"]
[EventRounds "8"]
[EventCountry "ESP"]
[SourceTitle "CBM 189 Extra"]
[Source "ChessBase"]
[SourceDate "2019.06.03"]
[SourceVersion "1"]
[SourceVersionDate "2019.06.03"]
[SourceQuality "1"]

1. e4 e5 2. Nf3 Nc6 3. Bc4 Bc5 4. d3 Nf6 5. Nc3 d6 6. h3 a6 7. Bg5 h6 8. Bxf6 Qxf6 9. Nd5 Qd8 10. Qd2 Ne7 11. Nxe7 Qxe7 12. c3 0-0 13. 0-0 Bb6 14. Rfe1 Qf6 15. Nh2 Kh8 16. Kh1 Qh4 17. f3 f5 18. d4 exd4 19. cxd4 Bd7 20. Bd5 c6 21. Bb3 a5 22. Ba4 Rae8 23. d5 fxe4 24. dxc6 bxc6 25. Qxd6 exf3 26. Nxf3 Rxe1+ 27. Rxe1 Rxf3 28. Qb8+ Bd8 29. Rd1 Rf8 30. Rxd7 Be7 31. Qb3 Qe1+ 32. Kh2 Rf1 33. Qb8+ Bf8 0-1

[Event "Catalunya-ch U16"]
[Site "Vila Seca"]
[Date "2007.04.03"]
[Round "7"]
[White "Bardera Gil, Sergi"]
[Black "Millaret Lores, Francesco"]
[Result "1-0"]
[WhiteElo "1844"]
[BlackElo "1985"]
[PlyCount "47"]
[EventDate "2007.03.31"]
[EventType "swiss"]
[EventRounds "8"]
[EventCountry "ESP"]
[SourceTitle "EXT 2023"]
[Source "ChessBase"]
[SourceDate "2022.10.05"]
[SourceVersion "1"]
[SourceVersionDate "2022.10.05"]
[SourceQuality "1"]

1. e4 c5 2. Nf3 e6 3. d4 cxd4 4. Nxd4 a6 5. Nc3 Qc7 6. a3 Nc6 7. Be3 Nf6 8. Be2 Be7 9. 0-0 0-0 10. f4 d6 11. Qe1 Na5 12. Qg3 Nc4 13. Bxc4 Qxc4 14. Rad1 Rd8 15. f5 e5 16. Bh6 Bf8 17. Bg5 Kh8 18. Bxf6 gxf6 19. Nde2 Qc5+ 20. Kh1 Bh6 21. Qh4 Bg5 22. Qh5 b5 23. h4 Be3 24. Nd5 1-0